000 00752nam a2200217Ii 4500
003 JO-AjNU
008 230605s9999||||xx |||||||||||||| ||und||
017 _a1997/11/1701
040 _aJO-AjNU
_bara
_erda
_cJO-AjNU
041 _aara
050 1 4 _aHG4515.R35 2007
100 3 _aتأليف: رمضان، زياد,
_eauthor
_931874
245 0 0 _aمبادىء الاستثمار : المالي والحقيقي
250 _aط4
264 3 1 _aعمان: دار وائل للنشر والتوزيع، 2007
300 _a434ص
_bيحتوي على ببلوغرافية وملاحق من403-434ص
336 _atext
_btxt
_2rdacontent
337 _aunmediated
_bn
_2rdamedia
338 _avolume
_bnc
_2rdacarrier
650 4 _aالاستثمار
_931875
999 _aA12799
_c16367
_d16367